01585cam a2200253 a 45000010009000000050017000090080041000260100017000670200015000840400018000990430012001170820021001291000022001502450112001722600090002843000041003745000211004155040054006265050519006806500047011996510027012467000022012737100036012951317275020220326193309.0030422s2003 nyua b 000 0 eng  a 2003009394 a0874271347 aDLCcDLCdDLC an-us---00a700.904.9bR579a aRinder, Lawrence.04aThe American effect :bglobal perspectives on the United States, 1990-2003 /cLawrence Rinder ... [et al.]. aNew York :bWhitney Museum of American Art :bDistributed by Harry N. Abrams,cc2003. a215 p. :bill. (some col.) ;c30 cm. aPublished on the occasion of the exhibition of the same name held at the Whitney Museum of American Art, New York, July 3-October 12, 2003. Includes list of works in the exhibition and artists' biographies. aIncludes bibliographical references (p. 189-193). tArtis indextForewordrMaxwell L. AndersontSelected BiographyrSean RochatWorks in the exhibition tArtists´ BiographytAcknowledmentsrLawrence Rinder tThe american effect rLawrence Rinder tFreedomrPramoedya Ananta Toer tAbundancerLuca Sante tAmerican TribalismrCaryl Phillips tExile and Resistance rNawal El SaadawitHegemonyrTariq Ali tHow I met America rAleksander Zograf tSweet Violence rIan BurumatGlobal Crisis Over Iraq rEdward SaidtAmerizanization, Hispanization rElena Poniatowska 0aCivilization, ModernxAmerican influences. 0aUnited StatesvIn art.1 aRinder, Lawrence.2 aWhitney Museum of American Art.